000 00667nam a2200181Ia 4500
003 OSt
005 20260202163240.0
008 210210b1948 xxu||||| |||| 00| 0 eng d
040 _cAL
041 _aKannada
082 _a852/669
100 _aKANNADA SAHITYA PARISHATTU
_9160282
_dಕನ್ನಡ ಸಾಹಿತ್ಯ ಪರಿಷತ್ತು
245 _aJaimini bharatada kannada gadyanuvada: samskrata jamini bharatada ashvamedhika parva:
_bಜೈಮಿನಿ ಭಾರತದ ಕನ್ನಡ ಗದ್ಯಾನುವಾದ
260 _aBengaluru
_bKannada Sahithya Parishattu
_c1948
690 _aKannada Prose
_9160283
906 _a019234
942 _2ddc
_cBK
999 _c143356
_d143356